| 000 | 00987nam a2200277 i 4500 | ||
|---|---|---|---|
| 001 | 96680 | ||
| 003 | ES-MaACL | ||
| 005 | 20251013211519.0 | ||
| 007 | t| | ||
| 008 | 150906s1998 sp ||||1| spa d | ||
| 020 | _a84-8191-221-2 | ||
| 080 | _a1(091) | ||
| 100 | 1 |
_aChâtelet, François. _938187 |
|
| 245 | 1 | 4 |
_aUna historia de la razón _b: conversaciones con Émile Noël / _cFrançois Châtelet ; introducción de Jean-Toussaint Desanti ; traducción de Alicia Olabuenaga y Paloma Olmedo. |
| 260 |
_aValencia : _bPre-Textos, _c[1998] |
||
| 300 |
_a214 p. ; _c19 cm. |
||
| 490 | 1 |
_aPre-Textos ; _v372. Ensayo |
|
| 650 | 4 |
_aFilosofía- _vHistoria. _9158248 |
|
| 700 | 1 |
_aNoël, Émile. _9157194 |
|
| 700 | 1 |
_aDesanti, Jean-Toussaint, _d1914-2002 _943821 |
|
| 700 | 0 |
_aOlabuenaga, Alicia. _986636 |
|
| 700 | 1 |
_aOlmedo, Paloma. _9157195 |
|
| 830 | 0 |
_aPre-Textos ; _v372. Ensayo _9178641 |
|
| 852 |
_aES-MaACL _jL-30140 _z.- Donat. Miguel A. Velasco |
||
| 999 |
_c96680 _d96680 |
||